[Event "Deutsche Ländermeisterschaft 2020"]
[Site "Berlin GER"]
[Date "2020.10.02"]
[Round "5"]
[White "Kadach, Maria"]
[Black "Kiefhaber, Tobias"]
[Result "1/2-1/2"]
[Termination "normal"]
[Board "5.6"]
[WhiteElo "1539"]
[BlackElo "1542"]
[WhiteClock "00:01:56"]
[BlackClock "00:39:35"]
[WhiteTeam "Württemberg"]
[BlackTeam "Baden"]
[PlyCount "80"]
[WhiteFideId "16261798"]
[BlackFideId "16240693"]
[EventCountry "GER"]
[EventRounds "7"]
[EventType "team-swiss"]
[EventDate "2020.09.29"]

1. d4 {[%clk 1:30:59]} Nf6 {[%clk 1:30:49]} 2. Bf4 {[%clk 1:31:22]} d6 {[%clk
1:31:02]} 3. e3 {[%clk 1:31:22]} g6 {[%clk 1:31:11]} 4. Nc3 {[%clk 1:31:33]}
Bg7 {[%clk 1:31:03]} 5. Bd3 {[%clk 1:30:41]} Nbd7 {[%clk 1:30:19]} 6. Nf3
{[%clk 1:30:49]} O-O {[%clk 1:30:21]} 7. O-O {[%clk 1:28:23]} Re8 {[%clk
1:30:04]} 8. e4 {[%clk 1:25:11]} e5 {[%clk 1:27:30]} 9. dxe5 {[%clk 1:21:39]}
Nxe5 {[%clk 1:27:28]} 10. Nxe5 {[%clk 1:21:49]} dxe5 {[%clk 1:27:49]} 11. Bg5
{[%clk 1:20:04]} h6 {[%clk 1:26:58]} 12. Be3 {[%clk 1:20:21]} Nh7 {[%clk
1:23:24]} 13. Qd2 {[%clk 1:13:09]} g5 {[%clk 1:22:10]} 14. Rad1 {[%clk
1:12:11]} c6 {[%clk 1:18:30]} 15. Bc4 {[%clk 1:05:33]} Qf6 {[%clk 1:10:31]} 16.
Ne2 {[%clk 1:00:03]} h5 {[%clk 1:06:19]} 17. Qd6 {[%clk 0:54:57]} Be6 {[%clk
1:04:51]} 18. Bxe6 {[%clk 0:54:53]} Rxe6 {[%clk 1:05:18]} 19. Qb4 {[%clk
0:52:37]} b5 {[%clk 1:02:39]} 20. Ng3 {[%clk 0:50:58]} h4 {[%clk 0:58:44]} 21.
Nf5 {[%clk 0:50:57]} g4 {[%clk 0:54:33]} 22. Qd2 {[%clk 0:45:55]} Kh8 {[%clk
0:50:10]} 23. f3 {[%clk 0:38:49]} Qg6 {[%clk 0:45:50]} 24. Nxh4 {[%clk
0:33:23]} Qh5 {[%clk 0:45:14]} 25. Nf5 {[%clk 0:30:34]} Rg8 {[%clk 0:44:29]}
26. fxg4 {[%clk 0:25:28]} Qxg4 {[%clk 0:44:29]} 27. Nd6 {[%clk 0:21:00]} Rxd6
{[%clk 0:42:51]} 28. Qxd6 {[%clk 0:21:07]} Bh6 {[%clk 0:43:03]} 29. Qxe5+
{[%clk 0:19:32]} f6 {[%clk 0:42:46]} 30. Qg3 {[%clk 0:17:06]} Bxe3+ {[%clk
0:42:24]} 31. Kh1 {[%clk 0:17:18]} Qxg3 {[%clk 0:42:11]} 32. hxg3 {[%clk
0:17:45]} Rg6 {[%clk 0:40:39]} 33. Rd8+ {[%clk 0:15:48]} Kg7 {[%clk 0:40:36]}
34. Rd7+ {[%clk 0:16:07]} Kg8 {[%clk 0:40:48]} 35. Rf4 {[%clk 0:11:00]} Bxf4
{[%clk 0:40:47]} 36. gxf4 {[%clk 0:11:28]} Rg4 {[%clk 0:40:41]} 37. Rxa7 {[%clk
0:05:42]} Rxf4 {[%clk 0:40:42]} 38. Rc7 {[%clk 0:06:00]} Rxe4 {[%clk 0:40:18]}
39. Rxc6 {[%clk 0:06:28]} Kf7 {[%clk 0:39:46]} 40. Kh2 {[%clk 0:01:56]} Re6
{[%clk 0:39:35]} 1/2-1/2

[Event "Deutsche Ländermeisterschaft 2020"]
[Site "Berlin GER"]
[Date "2020.10.02"]
[Round "5"]
[White "Uhlmann, Tim"]
[Black "Moldovan, Tatiana"]
[Result "1-0"]
[Termination "normal"]
[Board "5.7"]
[WhiteElo "1523"]
[BlackElo "1480"]
[WhiteClock "00:55:39"]
[BlackClock "00:17:12"]
[WhiteTeam "Baden"]
[BlackTeam "Württemberg"]
[PlyCount "121"]
[WhiteFideId "16239210"]
[BlackFideId "16287398"]
[EventCountry "GER"]
[EventRounds "7"]
[EventType "team-swiss"]
[EventDate "2020.09.29"]

1. e4 {[%clk 1:30:56]} c5 {[%clk 1:25:32]} 2. Nf3 {[%clk 1:31:14]} a6 {[%clk
1:24:18]} 3. c3 {[%clk 1:31:27]} e6 {[%clk 1:24:15]} 4. d4 {[%clk 1:31:49]} d5
{[%clk 1:22:45]} 5. e5 {[%clk 1:32:13]} Bd7 {[%clk 1:17:55]} 6. Bd3 {[%clk
1:32:36]} cxd4 {[%clk 1:17:16]} 7. cxd4 {[%clk 1:32:53]} Bb5 {[%clk 1:16:49]}
8. Bc2 {[%clk 1:33:06]} f6 {[%clk 1:16:32]} 9. Nc3 {[%clk 1:33:17]} fxe5 {[%clk
1:15:36]} 10. Nxe5 {[%clk 1:33:38]} Bd6 {[%clk 1:15:37]} 11. Qh5+ {[%clk
1:33:49]} g6 {[%clk 1:13:36]} 12. Nxg6 {[%clk 1:33:36]} hxg6 {[%clk 1:13:44]}
13. Qxh8 {[%clk 1:33:01]} Kd7 {[%clk 1:13:55]} 14. Qg7+ {[%clk 1:32:36]} Ne7
{[%clk 1:13:49]} 15. Nxb5 {[%clk 1:32:49]} axb5 {[%clk 1:11:51]} 16. O-O {[%clk
1:33:04]} Qc7 {[%clk 1:11:43]} 17. Bxg6 {[%clk 1:32:38]} Bxh2+ {[%clk 1:11:47]}
18. Kh1 {[%clk 1:32:58]} Bd6 {[%clk 1:12:12]} 19. Bf7 {[%clk 1:32:38]} Nbc6
{[%clk 1:12:23]} 20. Qf6 {[%clk 1:31:53]} Qd8 {[%clk 1:11:59]} 21. Bxe6+ {[%clk
1:30:33]} Kc7 {[%clk 1:12:06]} 22. g3 {[%clk 1:29:38]} Qh8+ {[%clk 1:06:50]}
23. Qxh8 {[%clk 1:29:57]} Rxh8+ {[%clk 1:06:45]} 24. Kg2 {[%clk 1:30:04]} Nxd4
{[%clk 1:07:10]} 25. Bg4 {[%clk 1:30:15]} Ndc6 {[%clk 1:07:07]} 26. f4 {[%clk
1:29:41]} Rg8 {[%clk 1:06:40]} 27. Bh3 {[%clk 1:28:08]} Nd4 {[%clk 1:04:24]}
28. Bd2 {[%clk 1:22:02]} Ndf5 {[%clk 1:04:23]} 29. g4 {[%clk 1:13:10]} Nd4
{[%clk 1:03:55]} 30. Bc3 {[%clk 1:09:48]} Ndc6 {[%clk 1:03:58]} 31. f5 {[%clk
1:08:58]} d4 {[%clk 1:03:26]} 32. Bd2 {[%clk 1:09:12]} Nd5 {[%clk 0:58:04]} 33.
Rae1 {[%clk 1:06:09]} Ne5 {[%clk 0:56:01]} 34. g5 {[%clk 1:04:02]} Nd3 {[%clk
0:55:38]} 35. Re4 {[%clk 1:04:11]} Nxb2 {[%clk 0:54:10]} 36. f6 {[%clk
1:03:51]} Nc4 {[%clk 0:50:46]} 37. f7 {[%clk 1:03:44]} Rf8 {[%clk 0:50:46]} 38.
Ba5+ {[%clk 0:54:01]} Nxa5 {[%clk 0:49:48]} 39. g6 {[%clk 0:54:22]} Ne3+ {[%clk
0:46:29]} 40. Rxe3 {[%clk 0:54:41]} dxe3 {[%clk 0:45:57]} 41. g7 {[%clk
0:55:05]} e2 {[%clk 0:46:11]} 42. Re1 {[%clk 0:54:10]} Rxf7 {[%clk 0:45:59]}
43. g8=Q {[%clk 0:54:17]} Re7 {[%clk 0:46:23]} 44. Bg4 {[%clk 0:54:24]} Kb6
{[%clk 0:40:11]} 45. Rxe2 {[%clk 0:53:30]} Rxe2+ {[%clk 0:40:21]} 46. Bxe2
{[%clk 0:53:52]} Bc7 {[%clk 0:40:29]} 47. Qd5 {[%clk 0:53:45]} Ka7 48. Qxb5
{[%clk 0:53:45]} Ka8 {[%clk 0:36:00]} 49. Bf3 {[%clk 0:53:56]} Kb8 {[%clk
0:35:05]} 50. Kh3 {[%clk 0:53:43]} Ka8 {[%clk 0:28:03]} 51. Kg4 {[%clk
0:53:57]} Kb8 {[%clk 0:27:25]} 52. Kf5 {[%clk 0:54:08]} Ka8 {[%clk 0:27:34]}
53. Ke6 {[%clk 0:54:29]} Ka7 {[%clk 0:23:40]} 54. Kd7 {[%clk 0:54:29]} Kb8
{[%clk 0:23:40]} 55. Qc5 {[%clk 0:54:29]} Nc6 {[%clk 0:21:20]} 56. Bxc6 {[%clk
0:54:49]} bxc6 {[%clk 0:21:41]} 57. Kxc6 {[%clk 0:55:13]} Kc8 {[%clk 0:21:45]}
58. Qf5+ {[%clk 0:55:04]} Kb8 {[%clk 0:18:35]} 59. Qf8+ {[%clk 0:55:39]} Ka7
{[%clk 0:17:12]} 60. Qc8 {[%clk 0:55:39]} Bb6 {[%clk 0:17:12]} 61. Qb7# {[%clk
0:55:39]} 1-0

[Event "Deutsche Ländermeisterschaft 2020"]
[Site "Berlin GER"]
[Date "2020.10.02"]
[Round "5"]
[White "Bakó, Evelin"]
[Black "Haug, Mara"]
[Result "0-1"]
[Termination "normal"]
[Board "5.8"]
[WhiteElo "1192"]
[BlackElo "1366"]
[WhiteClock "00:04:39"]
[BlackClock "00:04:38"]
[WhiteTeam "Württemberg"]
[BlackTeam "Baden"]
[PlyCount "88"]
[WhiteFideId "16271823"]
[BlackFideId "16259300"]
[EventCountry "GER"]
[EventRounds "7"]
[EventType "team-swiss"]
[EventDate "2020.09.29"]

1. e4 {[%clk 1:30:58]} c5 {[%clk 1:29:55]} 2. Nf3 {[%clk 1:31:16]} Nc6 {[%clk
1:30:13]} 3. d4 {[%clk 1:31:08]} cxd4 {[%clk 1:30:34]} 4. Nxd4 {[%clk 1:30:35]}
g6 {[%clk 1:30:53]} 5. c4 {[%clk 1:30:36]} Bg7 {[%clk 1:31:15]} 6. Nc2 {[%clk
1:30:17]} Nf6 {[%clk 1:31:07]} 7. Nc3 {[%clk 1:29:43]} d6 {[%clk 1:30:18]} 8.
Be2 {[%clk 1:29:14]} O-O {[%clk 1:27:52]} 9. Be3 {[%clk 1:28:34]} Re8 {[%clk
1:23:15]} 10. O-O {[%clk 1:27:56]} Bd7 {[%clk 1:18:55]} 11. Qd2 {[%clk
1:26:35]} Ng4 {[%clk 1:15:55]} 12. Bxg4 {[%clk 1:26:04]} Bxg4 {[%clk 1:16:17]}
13. f3 {[%clk 1:25:26]} Bd7 {[%clk 1:15:47]} 14. Rfd1 {[%clk 1:24:22]} Rc8
{[%clk 1:07:38]} 15. Rac1 {[%clk 1:21:27]} Qa5 {[%clk 1:01:21]} 16. Na3 {[%clk
1:13:17]} Qb4 {[%clk 0:56:06]} 17. Rc2 {[%clk 1:09:42]} Ne5 {[%clk 0:47:19]}
18. Nd5 {[%clk 1:08:41]} Qxd2 {[%clk 0:44:08]} 19. Rdxd2 {[%clk 1:08:37]} b6
{[%clk 0:33:57]} 20. b3 {[%clk 1:06:04]} Rc6 {[%clk 0:25:02]} 21. Nb5 {[%clk
1:01:35]} e6 {[%clk 0:13:46]} 22. Nxa7 {[%clk 1:00:52]} exd5 {[%clk 0:13:43]}
23. Nxc6 {[%clk 1:01:10]} Nxc6 {[%clk 0:13:42]} 24. cxd5 {[%clk 1:01:15]} Nb4
{[%clk 0:09:15]} 25. Rc4 {[%clk 0:56:30]} Na6 {[%clk 0:09:41]} 26. Bxb6 {[%clk
0:55:53]} Bb5 {[%clk 0:09:23]} 27. Rcc2 {[%clk 0:54:06]} Nb4 {[%clk 0:09:43]}
28. Rc7 {[%clk 0:53:38]} Ra8 {[%clk 0:08:36]} 29. a4 {[%clk 0:49:30]} Ba6
{[%clk 0:07:46]} 30. Ra7 {[%clk 0:45:37]} Rc8 {[%clk 0:06:34]} 31. Rc7 {[%clk
0:45:04]} Rb8 {[%clk 0:06:00]} 32. Ba5 {[%clk 0:44:04]} Bh6 {[%clk 0:05:14]}
33. Rd1 {[%clk 0:38:16]} Nd3 {[%clk 0:05:15]} 34. h3 {[%clk 0:35:54]} Rxb3
{[%clk 0:05:13]} 35. Bd2 {[%clk 0:30:50]} Nf4 {[%clk 0:04:14]} 36. Kh2 {[%clk
0:20:47]} Rb2 {[%clk 0:04:15]} 37. Bxf4 {[%clk 0:19:00]} Bxf4+ {[%clk 0:04:38]}
38. Kg1 {[%clk 0:18:13]} Be3+ {[%clk 0:04:27]} 39. Kh2 {[%clk 0:17:43]} Be2
{[%clk 0:04:46]} 40. Rc8+ {[%clk 0:16:06]} Kg7 {[%clk 0:05:12]} 41. Ra1 {[%clk
0:15:41]} Bxf3 {[%clk 0:05:27]} 42. Kg3 {[%clk 0:10:07]} Bxe4 {[%clk 0:04:31]}
43. Re8 {[%clk 0:06:50]} Rxg2+ {[%clk 0:04:26]} 44. Kh4 {[%clk 0:04:39]} Bg5#
{[%clk 0:04:38]} 0-1

[Event "Deutsche Ländermeisterschaft 2020"]
[Site "Berlin GER"]
[Date "2020.10.02"]
[Round "5"]
[White "Großmann, Piet"]
[Black "Tiarks, Jann-Christian"]
[Result "1/2-1/2"]
[Termination "normal"]
[Board "6.3"]
[BlackTitle "CM"]
[WhiteElo "1849"]
[BlackElo "2151"]
[WhiteClock "00:30:06"]
[BlackClock "00:58:12"]
[WhiteTeam "Mecklenburg-Vorpommern"]
[BlackTeam "Brandenburg"]
[PlyCount "56"]
[WhiteFideId "16234359"]
[BlackFideId "12951595"]
[EventCountry "GER"]
[EventRounds "7"]
[EventType "team-swiss"]
[EventDate "2020.09.29"]

1. e4 {[%clk 1:30:56]} c5 {[%clk 1:30:49]} 2. Nf3 {[%clk 1:31:20]} d6 {[%clk
1:31:13]} 3. d4 {[%clk 1:31:43]} cxd4 {[%clk 1:31:35]} 4. Nxd4 {[%clk 1:32:09]}
Nf6 {[%clk 1:31:57]} 5. Nc3 {[%clk 1:32:36]} a6 {[%clk 1:32:20]} 6. Be3 {[%clk
1:32:48]} e5 {[%clk 1:32:42]} 7. Nb3 {[%clk 1:33:06]} Be6 {[%clk 1:33:05]} 8.
f3 {[%clk 1:33:20]} Be7 {[%clk 1:33:27]} 9. Qd2 {[%clk 1:33:46]} h5 {[%clk
1:32:48]} 10. Nd5 {[%clk 1:18:37]} Nxd5 {[%clk 1:33:08]} 11. exd5 {[%clk
1:19:05]} Bf5 {[%clk 1:33:30]} 12. Bd3 {[%clk 1:18:49]} Bxd3 {[%clk 1:32:27]}
13. Qxd3 {[%clk 1:19:16]} Bg5 {[%clk 1:31:07]} 14. O-O-O {[%clk 1:16:37]} Bxe3+
{[%clk 1:29:37]} 15. Qxe3 {[%clk 1:17:03]} Nd7 {[%clk 1:29:57]} 16. Nd2 {[%clk
1:02:15]} O-O {[%clk 1:23:54]} 17. Ne4 {[%clk 1:00:30]} Nf6 {[%clk 1:18:53]}
18. Nxf6+ {[%clk 0:45:09]} Qxf6 {[%clk 1:19:13]} 19. h4 {[%clk 0:42:53]} Rac8
{[%clk 1:18:16]} 20. Qg5 {[%clk 0:40:03]} Qxg5+ {[%clk 1:17:03]} 21. hxg5
{[%clk 0:40:30]} g6 {[%clk 1:17:27]} 22. Rh4 {[%clk 0:40:14]} Rfd8 {[%clk
1:08:50]} 23. b3 {[%clk 0:35:47]} Rc5 {[%clk 1:07:32]} 24. Kb2 {[%clk 0:35:46]}
Rdc8 {[%clk 1:07:21]} 25. Rd2 {[%clk 0:36:12]} b5 {[%clk 1:05:37]} 26. a4
{[%clk 0:34:54]} Kf8 {[%clk 1:00:22]} 27. axb5 {[%clk 0:31:52]} axb5 {[%clk
1:00:12]} 28. Rh1 {[%clk 0:30:06]} Ke7 {[%clk 0:58:12]} 1/2-1/2

[Event "Deutsche Ländermeisterschaft 2020"]
[Site "Berlin GER"]
[Date "2020.10.02"]
[Round "5"]
[White "Vogel, Roven"]
[Black "Arndt, Magnus"]
[Result "1/2-1/2"]
[Termination "normal"]
[Board "7.1"]
[WhiteTitle "IM"]
[WhiteElo "2456"]
[BlackElo "2298"]
[WhiteClock "00:40:05"]
[BlackClock "00:25:35"]
[WhiteTeam "Sachsen"]
[BlackTeam "Schleswig-Holstein"]
[PlyCount "51"]
[WhiteFideId "12908088"]
[BlackFideId "12998656"]
[EventCountry "GER"]
[EventRounds "7"]
[EventType "team-swiss"]
[EventDate "2020.09.29"]

1. d4 {[%clk 1:30:57]} Nf6 {[%clk 1:30:54]} 2. c4 {[%clk 1:31:22]} e6 {[%clk
1:31:17]} 3. Nf3 {[%clk 1:31:46]} a6 {[%clk 1:31:23]} 4. Nc3 {[%clk 1:31:11]}
d5 {[%clk 1:31:26]} 5. cxd5 {[%clk 1:30:49]} exd5 {[%clk 1:31:54]} 6. Bg5
{[%clk 1:31:08]} Be6 {[%clk 1:31:48]} 7. e3 {[%clk 1:29:53]} Nbd7 {[%clk
1:32:06]} 8. Bd3 {[%clk 1:30:02]} Bd6 {[%clk 1:32:13]} 9. O-O {[%clk 1:30:10]}
O-O {[%clk 1:32:13]} 10. e4 {[%clk 1:26:58]} dxe4 {[%clk 1:31:44]} 11. Bxe4
{[%clk 1:27:01]} Qb8 {[%clk 1:10:06]} 12. Bc2 {[%clk 1:16:17]} c6 {[%clk
1:09:13]} 13. h3 {[%clk 1:10:09]} Re8 {[%clk 1:06:20]} 14. Bxf6 {[%clk
1:01:31]} Nxf6 {[%clk 1:06:16]} 15. Ng5 {[%clk 1:01:56]} Bh2+ {[%clk 0:36:39]}
16. Kh1 {[%clk 1:02:16]} Bf4 {[%clk 0:37:01]} 17. Nxe6 {[%clk 1:02:06]} Rxe6
{[%clk 0:37:20]} 18. Bb3 {[%clk 1:02:01]} Re7 {[%clk 0:32:05]} 19. Qf3 {[%clk
1:00:15]} Qc7 {[%clk 0:30:59]} 20. g3 {[%clk 0:59:16]} Bh6 {[%clk 0:29:58]} 21.
Rad1 {[%clk 0:57:49]} Rae8 {[%clk 0:28:53]} 22. d5 {[%clk 0:51:11]} cxd5 {[%clk
0:28:47]} 23. Nxd5 {[%clk 0:50:26]} Nxd5 {[%clk 0:29:08]} 24. Rxd5 {[%clk
0:50:50]} g6 {[%clk 0:27:46]} 25. h4 {[%clk 0:43:50]} Bg7 {[%clk 0:25:35]} 26.
Rd2 {[%clk 0:40:05]} 1/2-1/2

[Event "Deutsche Ländermeisterschaft 2020"]
[Site "Berlin GER"]
[Date "2020.10.02"]
[Round "5"]
[White "Popvasilev, Kaloyan"]
[Black "Burian, Simon"]
[Result "1/2-1/2"]
[Termination "normal"]
[Board "7.2"]
[WhiteElo "2145"]
[BlackElo "2113"]
[WhiteClock "00:36:52"]
[BlackClock "00:54:15"]
[WhiteTeam "Schleswig-Holstein"]
[BlackTeam "Sachsen"]
[PlyCount "42"]
[WhiteFideId "2919281"]
[BlackFideId "12956902"]
[EventCountry "GER"]
[EventRounds "7"]
[EventType "team-swiss"]
[EventDate "2020.09.29"]

1. e4 {[%clk 1:30:51]} c5 {[%clk 1:30:53]} 2. Nf3 {[%clk 1:31:13]} d6 {[%clk
1:31:18]} 3. d4 {[%clk 1:30:53]} cxd4 {[%clk 1:31:43]} 4. Nxd4 {[%clk 1:31:18]}
Nf6 {[%clk 1:32:09]} 5. Nc3 {[%clk 1:31:44]} a6 {[%clk 1:32:34]} 6. Be2 {[%clk
1:31:43]} e5 {[%clk 1:32:43]} 7. Nf3 {[%clk 1:31:55]} Be6 {[%clk 1:32:36]} 8.
Bg5 {[%clk 1:30:48]} Nbd7 {[%clk 1:32:05]} 9. O-O {[%clk 1:27:02]} Be7 {[%clk
1:30:49]} 10. a4 {[%clk 1:25:22]} h6 {[%clk 1:28:58]} 11. Bxf6 {[%clk 1:25:37]}
Nxf6 {[%clk 1:29:14]} 12. Re1 {[%clk 1:19:47]} O-O {[%clk 1:27:12]} 13. Bf1
{[%clk 1:19:42]} Qa5 {[%clk 1:22:43]} 14. Qd2 {[%clk 1:16:43]} Qb4 {[%clk
1:18:57]} 15. Nd1 {[%clk 1:01:14]} Qxd2 {[%clk 1:14:36]} 16. Nxd2 {[%clk
1:01:39]} Rac8 {[%clk 1:06:24]} 17. c3 {[%clk 0:59:09]} Rfe8 {[%clk 1:02:34]}
18. Ne3 {[%clk 0:57:36]} Bf8 {[%clk 1:00:41]} 19. Bc4 {[%clk 0:48:53]} Bxc4
{[%clk 0:57:58]} 20. Nexc4 {[%clk 0:48:30]} Red8 {[%clk 0:54:15]} 21. Nb6
{[%clk 0:36:52]} Rc5 1/2-1/2

[Event "Deutsche Ländermeisterschaft 2020"]
[Site "Berlin GER"]
[Date "2020.10.02"]
[Round "5"]
[White "Dahl, Christoph"]
[Black "Khachatryan, Taron"]
[Result "1/2-1/2"]
[Termination "normal"]
[Board "7.3"]
[WhiteElo "2262"]
[BlackElo "2136"]
[WhiteClock "00:39:04"]
[BlackClock "00:56:42"]
[WhiteTeam "Sachsen"]
[BlackTeam "Schleswig-Holstein"]
[PlyCount "77"]
[WhiteFideId "16240235"]
[BlackFideId "16216598"]
[EventCountry "GER"]
[EventRounds "7"]
[EventType "team-swiss"]
[EventDate "2020.09.29"]

1. e4 {[%clk 1:30:51]} c5 {[%clk 1:30:55]} 2. Nf3 {[%clk 1:30:58]} d6 {[%clk
1:31:14]} 3. d4 {[%clk 1:31:03]} cxd4 {[%clk 1:31:36]} 4. Nxd4 {[%clk 1:31:02]}
Nf6 {[%clk 1:31:58]} 5. Nc3 {[%clk 1:30:52]} a6 {[%clk 1:32:04]} 6. Bg5 {[%clk
1:30:36]} e6 {[%clk 1:32:26]} 7. f4 {[%clk 1:30:17]} Qb6 {[%clk 1:32:46]} 8.
Qd3 {[%clk 1:28:52]} Qxb2 {[%clk 1:32:09]} 9. Rb1 {[%clk 1:28:26]} Qa3 {[%clk
1:32:22]} 10. f5 {[%clk 1:27:27]} Be7 {[%clk 1:31:44]} 11. Be2 {[%clk 1:27:05]}
Qa5 {[%clk 1:29:57]} 12. Bd2 {[%clk 1:23:48]} Qc7 {[%clk 1:30:03]} 13. fxe6
{[%clk 1:21:22]} fxe6 {[%clk 1:29:50]} 14. O-O {[%clk 1:20:40]} Nc6 {[%clk
1:29:19]} 15. Nxc6 {[%clk 1:14:53]} Qxc6 {[%clk 1:28:14]} 16. Bf3 {[%clk
1:13:44]} O-O {[%clk 1:25:52]} 17. e5 {[%clk 1:07:50]} Qc5+ {[%clk 1:26:08]}
18. Be3 {[%clk 1:08:08]} Qxe5 {[%clk 1:26:27]} 19. Bd4 {[%clk 1:05:02]} Qa5
{[%clk 1:24:03]} 20. Bxb7 {[%clk 1:01:42]} Rb8 {[%clk 1:23:45]} 21. Bc6 {[%clk
0:59:46]} Rxb1 {[%clk 1:20:29]} 22. Rxb1 {[%clk 1:00:00]} d5 {[%clk 1:17:07]}
23. h3 {[%clk 0:56:30]} Qc7 {[%clk 1:14:31]} 24. Ba4 {[%clk 0:54:57]} Bc5
{[%clk 1:14:39]} 25. Qe3 {[%clk 0:54:45]} Bxd4 {[%clk 1:14:29]} 26. Qxd4 {[%clk
0:55:10]} Bd7 {[%clk 1:13:01]} 27. Bxd7 {[%clk 0:53:51]} Nxd7 {[%clk 1:13:10]}
28. Re1 {[%clk 0:50:33]} Rc8 {[%clk 1:10:19]} 29. Ne2 {[%clk 0:46:08]} Qc5
{[%clk 1:08:45]} 30. Qxc5 {[%clk 0:43:24]} Nxc5 {[%clk 1:07:54]} 31. Nd4 {[%clk
0:43:35]} Kf7 {[%clk 1:07:44]} 32. Rb1 {[%clk 0:42:06]} Rc7 {[%clk 1:02:46]}
33. Rb6 {[%clk 0:40:48]} Kf6 {[%clk 1:01:07]} 34. Kf2 {[%clk 0:39:51]} Ne4+
{[%clk 0:59:25]} 35. Kg1 {[%clk 0:40:03]} Nc5 {[%clk 0:59:45]} 36. Kf2 {[%clk
0:40:22]} a5 {[%clk 0:57:26]} 37. Ke3 {[%clk 0:39:04]} a4 {[%clk 0:56:42]} 38.
Kf3 Ke5 39. Ke4+ 1/2-1/2

[Event "Deutsche Ländermeisterschaft 2020"]
[Site "Berlin GER"]
[Date "2020.10.02"]
[Round "5"]
[White "Zimmer, Luca"]
[Black "Weidenhöfer, Max"]
[Result "0-1"]
[Termination "normal"]
[Board "8.3"]
[WhiteElo "1690"]
[BlackElo "1897"]
[WhiteClock "00:00:38"]
[BlackClock "00:15:01"]
[WhiteTeam "Saarland"]
[BlackTeam "Bremen"]
[PlyCount "66"]
[WhiteFideId "12921424"]
[BlackFideId "16230566"]
[EventCountry "GER"]
[EventRounds "7"]
[EventType "team-swiss"]
[EventDate "2020.09.29"]

1. e4 {[%clk 1:30:56]} c6 {[%clk 1:30:59]} 2. d4 {[%clk 1:31:20]} d5 {[%clk
1:31:27]} 3. exd5 {[%clk 1:31:44]} cxd5 {[%clk 1:31:55]} 4. Bd3 {[%clk
1:32:05]} Nf6 {[%clk 1:32:06]} 5. c3 {[%clk 1:32:28]} Nc6 {[%clk 1:32:12]} 6.
Bf4 {[%clk 1:32:53]} Bg4 {[%clk 1:32:27]} 7. Qb3 {[%clk 1:33:18]} Qd7 {[%clk
1:32:48]} 8. Nd2 {[%clk 1:32:44]} e6 {[%clk 1:33:06]} 9. Ngf3 {[%clk 1:32:58]}
Bd6 {[%clk 1:33:15]} 10. Bxd6 {[%clk 1:31:43]} Qxd6 {[%clk 1:33:44]} 11. O-O
{[%clk 1:32:03]} O-O {[%clk 1:33:47]} 12. Rae1 {[%clk 1:31:30]} a6 {[%clk
1:29:59]} 13. Ne5 {[%clk 1:25:37]} Rab8 {[%clk 1:23:20]} 14. f4 {[%clk
1:21:52]} b5 {[%clk 1:14:10]} 15. Ndf3 {[%clk 1:19:36]} Bxf3 {[%clk 1:09:31]}
16. Rxf3 {[%clk 1:18:46]} Rfc8 {[%clk 0:53:16]} 17. f5 {[%clk 1:10:25]} exf5
{[%clk 0:49:20]} 18. Bxf5 {[%clk 1:10:25]} Rc7 {[%clk 0:44:20]} 19. Nxc6 {[%clk
0:41:30]} Rxc6 {[%clk 0:41:47]} 20. Qd1 {[%clk 0:40:50]} b4 {[%clk 0:38:25]}
21. cxb4 {[%clk 0:39:57]} g6 {[%clk 0:27:55]} 22. Be6 {[%clk 0:13:36]} Qd8
{[%clk 0:22:33]} 23. Bh3 {[%clk 0:13:44]} Rxb4 {[%clk 0:21:36]} 24. Rb3 {[%clk
0:09:06]} Rcc4 {[%clk 0:17:10]} 25. Rxb4 {[%clk 0:07:24]} Rxb4 {[%clk 0:17:40]}
26. b3 {[%clk 0:05:45]} Qb6 {[%clk 0:15:32]} 27. Kh1 {[%clk 0:03:58]} Rxd4
{[%clk 0:15:34]} 28. Qc2 {[%clk 0:03:19]} Ne4 {[%clk 0:15:11]} 29. g3 {[%clk
0:00:52]} Rd2 {[%clk 0:15:10]} 30. Qc8+ {[%clk 0:00:38]} Kg7 {[%clk 0:15:26]}
31. Bf1 {[%clk 0:00:33]} Qf2 {[%clk 0:14:39]} 32. Qh3 {[%clk 0:00:36]} Qxe1
{[%clk 0:14:46]} 33. Kg1 {[%clk 0:00:38]} Qe3+ {[%clk 0:15:01]} 0-1

[Event "Deutsche Ländermeisterschaft 2020"]
[Site "Berlin GER"]
[Date "2020.10.02"]
[Round "5"]
[White "Viet, Silas"]
[Black "Hoppstädter, Daniel"]
[Result "1-0"]
[Termination "normal"]
[Board "8.4"]
[WhiteElo "1846"]
[BlackElo "1712"]
[WhiteClock "00:01:10"]
[BlackClock "00:16:59"]
[WhiteTeam "Bremen"]
[BlackTeam "Saarland"]
[PlyCount "87"]
[WhiteFideId "16260392"]
[BlackFideId "16243625"]
[EventCountry "GER"]
[EventRounds "7"]
[EventType "team-swiss"]
[EventDate "2020.09.29"]

1. d4 {[%clk 1:30:58]} Nf6 {[%clk 1:30:57]} 2. Bf4 {[%clk 1:31:21]} g6 {[%clk
1:31:23]} 3. Nc3 {[%clk 1:31:47]} d5 {[%clk 1:31:43]} 4. h4 {[%clk 1:32:11]}
Bg7 {[%clk 1:32:03]} 5. e3 {[%clk 1:32:34]} h5 {[%clk 1:32:29]} 6. Bd3 {[%clk
1:32:52]} O-O {[%clk 1:32:35]} 7. Qe2 {[%clk 1:32:31]} c5 {[%clk 1:32:06]} 8.
Qd2 {[%clk 1:31:03]} Nc6 {[%clk 1:30:33]} 9. Nf3 {[%clk 1:29:41]} c4 {[%clk
1:24:01]} 10. Be2 {[%clk 1:29:41]} b5 {[%clk 1:22:49]} 11. a3 {[%clk 1:25:56]}
Bf5 {[%clk 1:22:18]} 12. Ne5 {[%clk 1:22:14]} Qb6 {[%clk 1:19:50]} 13. Bf3
{[%clk 1:16:24]} Rfd8 {[%clk 1:19:37]} 14. O-O {[%clk 1:13:42]} a5 {[%clk
1:18:20]} 15. Rfe1 {[%clk 1:12:46]} e6 {[%clk 1:15:30]} 16. Bg5 {[%clk
1:09:39]} b4 {[%clk 1:08:45]} 17. Na4 {[%clk 1:04:57]} Qb5 {[%clk 1:07:49]} 18.
Nxc6 {[%clk 0:55:56]} Qxc6 {[%clk 1:08:17]} 19. Nc5 {[%clk 0:55:05]} Qb6 {[%clk
0:58:10]} 20. b3 {[%clk 0:42:42]} c3 {[%clk 0:55:55]} 21. Qd1 {[%clk 0:43:04]}
Re8 {[%clk 0:55:23]} 22. Be2 {[%clk 0:37:08]} Nh7 {[%clk 0:54:45]} 23. Bd3
{[%clk 0:35:08]} Bxd3 {[%clk 0:53:13]} 24. Nxd3 {[%clk 0:30:58]} f6 {[%clk
0:52:33]} 25. Bf4 {[%clk 0:31:01]} e5 {[%clk 0:52:50]} 26. dxe5 {[%clk
0:26:32]} fxe5 {[%clk 0:52:00]} 27. Bg3 {[%clk 0:26:30]} e4 {[%clk 0:47:52]}
28. Nf4 {[%clk 0:26:19]} d4 {[%clk 0:43:59]} 29. exd4 {[%clk 0:16:54]} Bxd4
{[%clk 0:42:40]} 30. Nd5 {[%clk 0:07:13]} Qc5 {[%clk 0:42:15]} 31. Nc7 {[%clk
0:07:28]} Rf8 {[%clk 0:40:38]} 32. Rf1 {[%clk 0:04:42]} Rad8 {[%clk 0:29:12]}
33. Ne6 {[%clk 0:03:34]} Qb6 {[%clk 0:28:32]} 34. Nxd8 {[%clk 0:03:42]} Rxd8
{[%clk 0:28:37]} 35. Qe2 {[%clk 0:03:57]} Nf6 {[%clk 0:26:15]} 36. axb4 {[%clk
0:03:56]} axb4 {[%clk 0:26:30]} 37. Ra6 {[%clk 0:03:25]} Qb7 {[%clk 0:25:37]}
38. Kh1 {[%clk 0:02:21]} Bb6 {[%clk 0:25:04]} 39. Qb5 {[%clk 0:01:03]} Nd5
{[%clk 0:23:50]} 40. Rd1 {[%clk 0:01:04]} e3 {[%clk 0:17:45]} 41. fxe3 {[%clk
0:00:54]} Qxa6 {[%clk 0:16:07]} 42. Qxa6 {[%clk 0:00:51]} Nxe3 {[%clk 0:16:30]}
43. Rxd8+ {[%clk 0:01:10]} Bxd8 {[%clk 0:16:59]} 44. Qe6+ 1-0